[Event "ch-Paris op C"]
[Site "Paris (Halle Carpentier)"]
[Date "2008.07.03"]
[Round "6.26"]
[White "Banat, Rizlene"]
[Black "Sommier, Patrick"]
[Result "1-0"]
[WhiteElo "1360"]
[BlackElo "1390"]
[PlyCount "65"]
[EventDate "2008.06.28"]

1. e4 c5 2. Nf3 d6 3. d4 cxd4 4. Nxd4 Nf6 5. Nc3 a6 6. f3 e6 7. Be3 b5 8. Bd3
g6 9. O-O Bg7 10. Bg5 Qd7 11. Qd2 O-O 12. Rad1 Ne8 13. Nce2 Nc6 14. Nxc6 Qxc6
15. Be7 Rb8 16. Bxf8 Kxf8 17. c3 Qc5+ 18. Kh1 Qh5 19. Qe3 Bh6 20. Qf2 e5 21. f4
g5 22. Ng3 Qg6 23. fxe5 dxe5 24. Nf5 Bxf5 25. exf5 Qc6 26. Rfe1 f6 27. Be4 Qc4
28. Qa7 Qc7 29. Qxc7 Nxc7 30. Rd7 Ne8 31. Bd5 g4 32. Rf7+ Kg8 33. Rb7+ 1-0

[Event "ch-Paris op C"]
[Site "Paris (Halle Carpentier)"]
[Date "2008.07.03"]
[Round "6.27"]
[White "Nadarajah, Piruntha"]
[Black "Moimeaux, Archibald"]
[Result "0-1"]
[WhiteElo "1380"]
[BlackElo "1199"]
[PlyCount "62"]
[EventDate "2008.06.28"]

1. e4 d5 2. exd5 Qxd5 3. Nc3 Qa5 4. d4 Nf6 5. Nf3 Bg4 6. Qd3 Nc6 7. Be3 O-O-O
8. Be2 e5 9. O-O h6 10. a3 exd4 11. Nxd4 Qh5 12. Qc4 Nxd4 13. Bxg4+ Nxg4 14. h3
Nxe3 15. fxe3 Nxc2 16. Rxf7 Bd6 17. Nb5 Qc5 18. Qxc5 Bxc5 19. Rxc7+ Kb8 20. Rb1
Bxe3+ 21. Kf1 Nd4 22. Nxd4 Bxd4 23. Rf7 Rhf8 24. Rxf8 Rxf8+ 25. Ke2 Rf2+ 26.
Kd3 Rxb2 27. Rf1 Bc5 28. Kc4 Bxa3 29. Kd5 a6 30. g4 b5 31. Rf8+ Bxf8 0-1

[Event "ch-Paris op C"]
[Site "Paris (Halle Carpentier)"]
[Date "2008.07.03"]
[Round "6.28"]
[White "Allaf, Alice"]
[Black "Sampaio, Victor"]
[Result "1-0"]
[WhiteElo "1499"]
[BlackElo "1350"]
[PlyCount "85"]
[EventDate "2008.06.28"]

1. e4 e5 2. Nf3 Nc6 3. Bb5 d6 4. d4 Bd7 5. d5 Na5 6. Bd3 b6 7. c4 Be7 8. O-O
Nf6 9. Be3 Nb7 10. Nc3 O-O 11. Rb1 c6 12. b4 cxd5 13. c5 dxe4 14. Nxe4 d5 15.
Nxf6+ Bxf6 16. Ba6 Bc8 17. c6 Nd6 18. Bxc8 Nxc8 19. b5 Ne7 20. Bg5 Nf5 21. Bxf6
gxf6 22. Qd3 Ng7 23. Nh4 Kh8 24. Nf5 e4 25. Qh3 Qc8 26. Ne7 Qxh3 27. gxh3 Rfe8
28. Nxd5 Nf5 29. Nxf6 Re7 30. Nxe4 Nd4 31. Ng3 Rae8 32. a4 Nf3+ 33. Kg2 Nd2 34.
Rbc1 Nxf1 35. Nxf1 Rc7 36. Ra1 Ra8 37. a5 bxa5 38. Rxa5 a6 39. Ne3 Rca7 40. b6
Re7 41. b7 Rd8 42. Rxa6 f5 43. Ra8 1-0

[Event "ch-Paris op C"]
[Site "Paris (Halle Carpentier)"]
[Date "2008.07.03"]
[Round "6.29"]
[White "Spassky, Daniel"]
[Black "Champs, Sandra"]
[Result "0-1"]
[WhiteElo "1370"]
[BlackElo "1499"]
[PlyCount "107"]
[EventDate "2008.06.28"]

1. Nc3 Nc6 2. e3 d5 3. Bb5 Nf6 4. d4 Bd7 5. a3 e6 6. Nf3 Bd6 7. O-O O-O 8. Re1
Re8 9. e4 dxe4 10. Nxe4 Nxe4 11. Rxe4 Qf6 12. Bg5 Qf5 13. Qd3 e5 14. Bh4 Qg6
15. d5 Bf5 16. Bxc6 Bxe4 17. Qe2 bxc6 18. dxc6 Rab8 19. b4 Qg4 20. h3 Bxf3 21.
Qxf3 Qxf3 22. gxf3 Rb6 23. c4 Rxc6 24. c5 Be7 25. Re1 Bxh4 26. Re4 Bg5 27. a4
Bd2 28. a5 Rf6 29. Kg2 Rf4 30. Re2 Bxb4 31. a6 Bxc5 32. Rc2 Bb6 33. Rc6 Ra4 34.
Rc2 Rxa6 35. Re2 f6 36. f4 c5 37. f5 c4 38. Rc2 Ra4 39. Kg3 Ba5 40. Kf3 Rd8 41.
Ke4 c3+ 42. Ke3 Ra3 43. h4 Bb6+ 44. Kf3 Rb3 45. h5 a5 46. Kg4 a4 47. f3 Rd2 48.
Rc1 Bd4 49. Rh1 c2 50. h6 Rb1 51. Rh3 c1=Q 52. hxg7 Qg1+ 53. Rg3 Qxg3+ 54. Kxg3
0-1

[Event "ch-Paris op C"]
[Site "Paris (Halle Carpentier)"]
[Date "2008.07.03"]
[Round "6.30"]
[White "Geoffroy, Boris"]
[Black "Luond, Patrice"]
[Result "1-0"]
[WhiteElo "1330"]
[BlackElo "1499"]
[PlyCount "73"]
[EventDate "2008.06.28"]

1. e4 d6 2. Nf3 g6 3. Bc4 Bg7 4. d3 Nf6 5. O-O O-O 6. Nc3 c5 7. Nd5 Nxd5 8.
Bxd5 e6 9. Bb3 Nc6 10. c3 b5 11. Ng5 a5 12. Qg4 a4 13. Bc2 b4 14. Bd2 e5 15.
Qh4 h6 16. Nf3 Qxh4 17. Nxh4 Be6 18. Nf3 f5 19. cxb4 cxb4 20. exf5 Bxf5 21. Nh4
Nd4 22. Bb1 Rab8 23. Nxf5 Rxf5 24. Re1 Rf7 25. Kf1 b3 26. Rc1 Nf5 27. Rc4 Rbf8
28. f3 a3 29. axb3 axb2 30. Ra2 Rb8 31. Rxb2 d5 32. Rc5 e4 33. Rxd5 e3 34. Bc1
Bxb2 35. Bxb2 Rxb3 36. Rd8+ Kh7 37. Rh8# 1-0

[Event "ch-Paris op C"]
[Site "Paris (Halle Carpentier)"]
[Date "2008.07.03"]
[Round "6.31"]
[White "Moisset, Lola"]
[Black "Timofeeva, Tatiana"]
[Result "0-1"]
[WhiteElo "1280"]
[BlackElo "1499"]
[PlyCount "90"]
[EventDate "2008.06.28"]

1. e4 e5 2. Nf3 Nf6 3. Nxe5 Nxe4 4. Qe2 d5 5. d3 Nd6 6. Nc6+ Qe7 7. Nxe7 Bxe7
8. Bg5 Nc6 9. Nc3 O-O 10. Bxe7 Nxe7 11. O-O-O d4 12. Ne4 Be6 13. Nxd6 cxd6 14.
Kb1 Rac8 15. Qe4 Nc6 16. g3 a5 17. Bg2 Rc7 18. Qh4 Nb4 19. b3 Rxc2 20. Be4 h6
21. Rc1 Rxa2 22. Bxb7 Bxb3 23. Qxd4 Re8 24. Rhe1 Rxe1 25. Rxe1 Bc2+ 26. Kc1
Nxd3+ 27. Kd2 Nxe1 28. Kxe1 a4 29. Qxd6 a3 30. Qd8+ Kh7 31. Qd5 Rb2 32. Qd2 a2
33. Qc1 Rb1 34. Qxb1 axb1=Q+ 35. Kd2 Be4 36. Bxe4+ Qxe4 37. h4 f5 38. h5 g6 39.
hxg6+ Kxg6 40. g4 fxg4 41. f4 Qxf4+ 42. Kc2 g3 43. Kb1 g2 44. Ka1 Qd2 45. Kb1
g1=R# 0-1

[Event "ch-Paris op C"]
[Site "Paris (Halle Carpentier)"]
[Date "2008.07.03"]
[Round "6.32"]
[White "Vallobra, Thierry"]
[Black "Zeitoun, David"]
[Result "1-0"]
[WhiteElo "1499"]
[BlackElo "1330"]
[PlyCount "143"]
[EventDate "2008.06.28"]

1. d4 d5 2. c4 dxc4 3. e3 Nf6 4. Bxc4 Bf5 5. Nc3 e6 6. Nf3 Bb4 7. O-O Bd6 8.
Re1 Ne4 9. Bd3 Nxc3 10. bxc3 Qf6 11. e4 Bg4 12. e5 Bxf3 13. exf6 Bxd1 14. fxg7
Rg8 15. Rxd1 Rxg7 16. Be4 c6 17. c4 Be7 18. Bb2 h6 19. d5 Rg4 20. f3 Rg8 21.
Rac1 a6 22. Rc2 c5 23. d6 Bd8 24. Rcd2 Ra7 25. a4 b6 26. Ba3 f5 27. Bc2 Rgg7
28. a5 bxa5 29. Bxc5 Rad7 30. Ba3 Rb7 31. c5 Nc6 32. Ba4 Kd7 33. Bb2 Rf7 34.
Bc3 Rh7 35. Bc2 Bg5 36. Re2 Nd8 37. g4 Rf7 38. Ba4+ Nc6 39. Bxa5 Rh7 40. Be1 f4
41. Bf2 Rb4 42. Bxc6+ Kxc6 43. Rxe6 Rbb7 44. Re4 Kd7 45. h4 Bd8 46. Rxf4 Ra7
47. c6+ Kxc6 48. Bxa7 Rxa7 49. Kg2 Bxh4 50. Kh3 Bg5 51. Rc4+ Kd7 52. Rc7+ Rxc7
53. dxc7+ Kxc7 54. Kg3 Bd8 55. Rh1 Bg5 56. f4 Bf6 57. Rxh6 Bg7 58. Rh7 a5 59.
Rxg7+ Kb6 60. f5 a4 61. Rh7 a3 62. Rh1 Kb5 63. Ra1 Kb4 64. f6 Kb3 65. f7 Kb2
66. Rxa3 Kxa3 67. f8=Q+ Ka2 68. Qb8 Ka3 69. Kf3 Ka4 70. Ke4 Ka3 71. Kd3 Ka4 72.
Kc4 1-0

[Event "ch-Paris op C"]
[Site "Paris (Halle Carpentier)"]
[Date "2008.07.03"]
[Round "6.33"]
[White "Jacquet, Dominique"]
[Black "Bouiller, Andre"]
[Result "0-1"]
[WhiteElo "1480"]
[BlackElo "1310"]
[PlyCount "66"]
[EventDate "2008.06.28"]

1. e4 e5 2. Nf3 d6 3. Nc3 Nf6 4. d4 exd4 5. Qxd4 Nc6 6. Qd1 h6 7. Bf4 g5 8. Be3
Bg7 9. h3 Qe7 10. Bd3 O-O 11. O-O Ne5 12. Nxe5 Qxe5 13. f4 gxf4 14. Bxf4 Qd4+
15. Rf2 Bd7 16. Qe2 a6 17. Raf1 Rfe8 18. Be3 Qe5 19. g4 Qg3+ 20. Rg2 Qxh3 21.
Bxh6 Bxg4 22. Qf2 Qxh6 23. Rxg4 Nxg4 24. Qxf7+ Kh8 25. Qf4 Qxf4 26. Rxf4 Bd4+
27. Kg2 Rg8 28. Kf3 Ne5+ 29. Ke2 Raf8 30. Rh4+ Kg7 31. Nd5 Rf2+ 32. Kd1 Rh8 33.
Rxh8 Kxh8 0-1

[Event "ch-Paris op C"]
[Site "Paris (Halle Carpentier)"]
[Date "2008.07.03"]
[Round "6.34"]
[White "Laroui, Idriss"]
[Black "Cordier, Daniel"]
[Result "0-1"]
[WhiteElo "1200"]
[BlackElo "1460"]
[PlyCount "66"]
[EventDate "2008.06.28"]

1. d4 Nf6 2. c4 g6 3. Nf3 Bg7 4. Nc3 d6 5. e4 c5 6. e5 Nh5 7. h3 O-O 8. g4 Ng3
9. fxg3 f6 10. Qe2 Nc6 11. exd6 Qxd6 12. Qf2 cxd4 13. Nb5 Qe6+ 14. Qe2 Qd7 15.
Qd3 f5 16. Nh2 fxg4 17. Nxg4 Qd8 18. Be2 Bf5 19. Qd2 a6 20. Na3 Qd6 21. Qf4 e5
22. Qd2 Rae8 23. Ne3 e4 24. Nxf5 Rxf5 25. Rg1 Nb4 26. Bg4 e3 27. Qd1 Rf7 28.
Bf3 Be5 29. Bxe3 Bxg3+ 30. Kf1 Rxe3 31. Kg2 Bh2 32. Rh1 Qg3+ 33. Kf1 Rfxf3+ 0-1

[Event "ch-Paris op C"]
[Site "Paris (Halle Carpentier)"]
[Date "2008.07.03"]
[Round "6.35"]
[White "Robinet-Duffo, Richard"]
[Black "Fraval, Julie"]
[Result "1-0"]
[WhiteElo "1420"]
[BlackElo "1320"]
[PlyCount "131"]
[EventDate "2008.06.28"]

1. e4 e5 2. Nf3 d6 3. Bc4 Be6 4. Bxe6 fxe6 5. O-O Nc6 6. d3 Qe7 7. Nc3 O-O-O 8.
Bg5 Nf6 9. Be3 h6 10. Nb5 Kb8 11. Qd2 g5 12. Qe2 a6 13. Na3 Qg7 14. d4 Nxe4 15.
dxe5 dxe5 16. Rad1 Bd6 17. Qc4 Qg6 18. Rfe1 h5 19. Bc1 Nf6 20. Qxe6 Rde8 21.
Qb3 e4 22. Nxg5 Ng4 23. Qf7 Qxf7 24. Nxf7 Rhg8 25. Nxd6 cxd6 26. Rxd6 Rd8 27.
Rxd8+ Rxd8 28. Bf4+ Ka8 29. h3 Nf6 30. Bg5 Rd6 31. Bxf6 Rxf6 32. Rxe4 Rd6 33.
Nc4 Rd1+ 34. Kh2 Nd4 35. c3 b5 36. Ne3 Rb1 37. cxd4 Kb7 38. Re5 Kc6 39. Rc5+
Kd6 40. g4 hxg4 41. hxg4 Rxb2 42. Kg2 Rb4 43. Rd5+ Ke6 44. a3 Ra4 45. f4 Rxa3
46. Kf3 Ra1 47. f5+ Kf6 48. Kf4 b4 49. Rd6+ Ke7 50. Re6+ Kf7 51. Rb6 Rb1 52.
Rxa6 b3 53. Rb6 b2 54. Ke5 Ra1 55. Rxb2 Ra5+ 56. d5 Ke7 57. Rb7+ Ke8 58. Kd6
Ra6+ 59. Ke5 Ra8 60. f6 Kf8 61. Re7 Rb8 62. g5 Kg8 63. Rg7+ Kf8 64. Ke6 Rb6+
65. d6 Ke8 66. Rg8# 1-0

[Event "ch-Paris op C"]
[Site "Paris (Halle Carpentier)"]
[Date "2008.07.03"]
[Round "6.36"]
[White "Dautricourt, Olivier"]
[Black "Caille, Hugo"]
[Result "0-1"]
[WhiteElo "1199"]
[BlackElo "1390"]
[PlyCount "106"]
[EventDate "2008.06.28"]

1. e4 e6 2. d4 d5 3. e5 c5 4. c3 Nc6 5. Bb5 Qb6 6. Na3 Bd7 7. Be3 cxd4 8. Bxd4
Nxd4 9. Bxd7+ Kxd7 10. Qxd4 Qxb2 11. Qa4+ Kc8 12. Qe8+ Kc7 13. Nb5+ Kb6 14.
Qxa8 Qxa1+ 15. Kd2 Qb2+ 16. Kd1 Qa1+ 17. Kc2 Qxa2+ 18. Kc1 Ne7 19. Nd6 Qa6 20.
Qd8+ Kc5 21. Qc7+ Qc6 22. Qa5+ b5 23. Qb4+ Kb6 24. Ne2 Nf5 25. Rd1 Nxd6 26.
exd6 Bxd6 27. Qd4+ Qc5 28. Qxg7 Rf8 29. Nd4 Qxc3+ 30. Kb1 Ba3 31. Nxe6 f6 32.
Rd2 Qxd2 33. Qc7+ Ka6 34. Nc5+ Bxc5 35. Qxc5 Qd3+ 36. Kc1 Qc4+ 37. Qxc4 dxc4
38. f4 Rd8 39. g4 Rd4 40. g5 Rxf4 41. h4 Rxh4 42. gxf6 Rf4 43. Kd2 Rxf6 44. Kc3
h5 45. Kb4 h4 46. Kc5 h3 47. Kd5 h2 48. Ke5 Rf8 49. Kd5 h1=Q+ 50. Kc5 Rf5+ 51.
Kd6 Qh6+ 52. Kc7 Rf7+ 53. Kd8 Qf8# 0-1

[Event "ch-Paris op C"]
[Site "Paris (Halle Carpentier)"]
[Date "2008.07.03"]
[Round "6.37"]
[White "Duffaud, Celia"]
[Black "Dupont, Jean-Louis"]
[Result "1/2-1/2"]
[WhiteElo "1390"]
[BlackElo "1280"]
[PlyCount "152"]
[EventDate "2008.06.28"]

1. e4 e5 2. Nf3 Nc6 3. Bc4 Nf6 4. Ng5 d5 5. exd5 Nxd5 6. Nxf7 Kxf7 7. Qf3+ Ke6
8. Nc3 Ke7 9. Nxd5+ Kd7 10. O-O Qh4 11. d3 Na5 12. Qf7+ Be7 13. b3 Nxc4 14.
dxc4 c6 15. Nc3 g6 16. Ba3 Re8 17. Rad1+ Kc7 18. Qxe8 Bxa3 19. Qxe5+ Kb6 20.
Na4+ Ka6 21. Qc3 Qg5 22. Rd3 Bf5 23. Rg3 Qf4 24. b4 Bc1 25. Rf3 Qd2 26. Qb3 Re8
27. h3 Bxc2 28. Qc3 Bxa4 29. Rxc1 Qd8 30. Qa3 b5 31. Rd3 Qb8 32. cxb5+ cxb5 33.
Re3 Rd8 34. Qc3 Rd6 35. Qc8+ Qxc8 36. Rxc8 Kb7 37. Rh8 h5 38. Re7+ Kb6 39. Rf8
Bc2 40. a3 Bb3 41. Ref7 Bxf7 42. Rxf7 Rd3 43. Rf6+ Kb7 44. Rxg6 a6 45. f4 Rxa3
46. f5 Rc3 47. f6 Rc8 48. g4 a5 49. bxa5 b4 50. f7 Ka7 51. Rb6 Rf8 52. Rxb4
Rxf7 53. gxh5 Rf5 54. h6 Rh5 55. Kg2 Rxh6 56. h4 Rh5 57. Ra4 Rh8 58. Kg3 Rg8+
59. Kf4 Rh8 60. Kg5 Rg8+ 61. Kh6 Rh8+ 62. Kg7 Rh5 63. Kg6 Rb5 64. h5 Rc5 65. h6
Rc6+ 66. Kg7 Rc7+ 67. Kg8 Rc8+ 68. Kf7 Rc7+ 69. Ke6 Rc6+ 70. Kd5 Rxh6 71. Kc5
Ka6 72. Kb4 Rh5 73. Ra3 Rh4+ 74. Kb3 Rh3+ 75. Kb4 Rxa3 76. Kxa3 Kxa5 1/2-1/2

[Event "ch-Paris op C"]
[Site "Paris (Halle Carpentier)"]
[Date "2008.07.03"]
[Round "6.38"]
[White "Nadarajah, Phanujah"]
[Black "Guillaume, Gerard"]
[Result "0-1"]
[WhiteElo "1160"]
[BlackElo "1390"]
[PlyCount "140"]
[EventDate "2008.06.28"]

1. e4 e5 2. Nf3 Nf6 3. Nc3 Nc6 4. Bb5 d6 5. d4 Bd7 6. d5 Ne7 7. O-O a6 8. Ba4
b5 9. Bb3 a5 10. a4 b4 11. Nb5 Nc8 12. Re1 c6 13. dxc6 Bxc6 14. Bg5 Be7 15.
Bxf6 Bxf6 16. Qd3 O-O 17. Red1 Be7 18. Rd2 Qd7 19. Rad1 Bxb5 20. axb5 Qc7 21.
Qd5 Nb6 22. Qd3 a4 23. Ba2 a3 24. bxa3 Rxa3 25. Qe2 Rxa2 26. h3 Nc4 27. Rd3
Rfa8 28. Rb3 Na3 29. Rxb4 Rxc2 30. Qd3 Rc3 31. Qd5 Rc8 32. b6 Qb8 33. Rb3 Rxb3
34. Qxb3 Nc4 35. Rc1 Na5 36. Qb2 Rxc1+ 37. Qxc1 Qxb6 38. Qc8+ Qd8 39. Qxd8+
Bxd8 40. Nd2 Nc6 41. Nc4 Be7 42. Kf1 Nd4 43. Ke1 f5 44. f3 f4 45. Kd2 Kf7 46.
Ke1 g5 47. Kf2 Ke6 48. Nd2 h5 49. Nf1 d5 50. g3 dxe4 51. fxe4 f3 52. Nd2 g4 53.
hxg4 hxg4 54. Nf1 Kf6 55. Nd2 Bc5 56. Kf1 Ne2 57. Nc4 Nxg3+ 58. Ke1 Nxe4 59.
Kf1 Kg5 60. Ke1 Bd4 61. Nd2 Bc3 62. Kf1 Nxd2+ 63. Kf2 Kf4 64. Kg1 Bd4+ 65. Kh1
e4 66. Kh2 e3 67. Kg1 e2+ 68. Kh2 Be3 69. Kh1 e1=Q+ 70. Kh2 Qg1# 0-1

[Event "ch-Paris op C"]
[Site "Paris (Halle Carpentier)"]
[Date "2008.07.03"]
[Round "6.39"]
[White "Olivier, Camille"]
[Black "Coadou, Alain"]
[Result "1/2-1/2"]
[WhiteElo "1260"]
[BlackElo "1210"]
[PlyCount "149"]
[EventDate "2008.06.28"]

1. e4 e6 2. d4 d6 3. Nf3 c6 4. Nc3 Qc7 5. Bf4 Nd7 6. e5 d5 7. Bd3 Ne7 8. O-O g6
9. Qd2 a6 10. Bh6 Bxh6 11. Qxh6 Nf8 12. Rfc1 Rg8 13. Ng5 Nf5 14. Bxf5 exf5 15.
Na4 b6 16. Re1 Be6 17. Rac1 O-O-O 18. Nxe6 Nxe6 19. Qe3 f4 20. Qb3 Kb7 21. Red1
Ka7 22. c4 Qb8 23. cxd5 cxd5 24. Rc6 b5 25. Nc3 Qb7 26. Rd6 Rxd6 27. exd6 Qc6
28. Qxd5 Qxd5 29. Nxd5 Rd8 {Les Blancs jouent alors Cf7 !?} 30. Nc3 Rh8 31. Ne4
Rf8 32. Ng5 Rd8 {C'est le 30 eme coup de la partie. Les derniers coups ont ete
joues pour atteindre la position.} 33. Nxf7 Rd7 34. d5 Nc5 35. Rc1 Kb6 36. Ne5
Rxd6 37. Rd1 Ne4 38. Rd4 Nf6 39. Rxf4 Nxd5 40. Rd4 Kc5 41. Rd1 Nf4 42. Rxd6
Kxd6 43. Nf3 Kd5 44. Kf1 h6 45. g3 Nd3 46. Nh4 g5 47. Nf3 Ke4 48. Nd2+ Kd4 49.
Ke2 Nxb2 50. f4 gxf4 51. gxf4 Kd5 52. Ke3 Ke6 53. Ke4 Kf6 54. h4 h5 55. Nb3 Na4
56. Nd4 Nc3+ 57. Kf3 Nxa2 58. Ke4 Nc3+ 59. Kf3 {=} 59... b4 60. Ke3 a5 61. Kd3
Nd5 62. Kc4 Nxf4 63. Kb5 Ng2 64. Kxa5 Nxh4 65. Kxb4 Nf5 66. Nf3 Ng3 67. Kc4 Kf5
68. Kd3 Kg4 69. Ke3 {=} 69... Nf5+ 70. Kf2 Nh4 71. Nxh4 Kxh4 72. Kg2 Kg4 73.
Kh2 h4 74. Kg1 h3 75. Kh1 1/2-1/2

[Event "ch-Paris op C"]
[Site "Paris (Halle Carpentier)"]
[Date "2008.07.03"]
[Round "6.40"]
[White "Savadoux, Valentin"]
[Black "Banat, Ryan"]
[Result "1-0"]
[WhiteElo "1140"]
[BlackElo "1020"]
[PlyCount "63"]
[EventDate "2008.06.28"]

1. Nf3 Nc6 2. g3 b6 3. Bg2 Bb7 4. e3 e6 5. Nc3 Nf6 6. d3 Be7 7. O-O O-O 8. e4
Bc5 9. h3 Nd4 10. Nxd4 Bxd4 11. Bd2 d5 12. exd5 exd5 13. Nb5 Bc5 14. d4 Be7 15.
Bf4 Ba6 16. Nxc7 Bxf1 17. Qxf1 Rc8 18. Nb5 Rxc2 19. b3 Ne4 20. Bxe4 dxe4 21.
Qd1 Qc8 22. Nxa7 Qc3 23. Nb5 Qb2 24. Bc1 Qxa1 25. Qxc2 e3 26. fxe3 Ra8 27. a4
Bg5 28. Kf2 Re8 29. Nd6 Bxe3+ 30. Bxe3 Re6 31. Qc8+ Re8 32. Qxe8# 1-0

[Event "ch-Paris op C"]
[Site "Paris (Halle Carpentier)"]
[Date "2008.07.03"]
[Round "6.41"]
[White "Fouliard, Marc"]
[Black "Commercon, Joachim"]
[Result "0-1"]
[WhiteElo "1430"]
[BlackElo "1450"]
[PlyCount "48"]
[EventDate "2008.06.28"]

1. e4 e5 2. f4 d6 3. Nf3 Nc6 4. d4 f6 5. Bc4 Nge7 6. fxe5 dxe5 7. dxe5 Qxd1+ 8.
Kxd1 fxe5 9. Be3 Ng6 10. a3 Bg4 11. Bg5 h6 12. Bh4 Nxh4 13. Ke2 Nxf3 14. gxf3
Nd4+ 15. Kf2 Bxf3 16. Rf1 Bc5 17. Ra2 b5 18. b4 bxc4 19. bxc5 O-O 20. c3 Be2+
21. Ke3 Bxf1 22. cxd4 exd4+ 23. Kxd4 Rad8+ 24. Ke3 Rd3# 0-1

[Event "ch-Paris op C"]
[Site "Paris (Halle Carpentier)"]
[Date "2008.07.03"]
[Round "6.42"]
[White "Marchal, Quentin"]
[Black "Boudia, Rayan"]
[Result "1/2-1/2"]
[WhiteElo "1130"]
[BlackElo "1430"]
[PlyCount "106"]
[EventDate "2008.06.28"]

1. e4 d6 2. d4 g6 3. Nf3 Bg7 4. Nc3 Nf6 5. Bc4 O-O 6. Bf4 Nbd7 7. O-O c5 8. e5
dxe5 9. dxe5 Ng4 10. Re1 e6 11. Qd2 Nb6 12. h3 Qxd2 13. Nxd2 Nh6 14. b3 Nf5 15.
Nf3 Bd7 16. Bb5 f6 17. exf6 Bxf6 18. Be5 Bxb5 19. Nxb5 a6 20. Nc7 Rac8 21. Nxe6
Rfe8 22. Bxf6 Rc6 23. Nfg5 h6 24. g4 hxg5 25. gxf5 gxf5 26. Nd8 Rxe1+ 27. Rxe1
Rxf6 28. Nxb7 c4 29. Re8+ Kf7 30. Rb8 Nd7 31. Rc8 cxb3 32. cxb3 Rh6 33. Rc7 Ke8
34. Nc5 Ne5 35. Kg2 Kd8 36. Nxa6 Rxa6 37. Rc5 Ng6 38. Rxf5 Rxa2 39. Rxg5 Nf4+
40. Kg3 Ne2+ 41. Kf3 Nd4+ 42. Kg2 Nxb3 43. h4 Ra4 44. h5 Rh4 45. Kg3 Rc4 46. h6
Rc3+ 47. Kh4 Rc1 48. Kh5 Rh1+ 49. Kg6 Nd4 50. h7 Ne6 51. Rh5 Nf8+ 52. Kg5 Rxh5+
53. Kxh5 Nxh7 1/2-1/2

[Event "ch-Paris op C"]
[Site "Paris (Halle Carpentier)"]
[Date "2008.07.03"]
[Round "6.43"]
[White "Eden, Agnes"]
[Black "Clement, Charlene"]
[Result "1-0"]
[WhiteElo "1290"]
[BlackElo "1130"]
[PlyCount "91"]
[EventDate "2008.06.28"]

1. e4 e6 2. Nf3 d5 3. e5 c5 4. Nc3 Qb6 5. Bb5+ Bd7 6. Ba4 Bxa4 7. Nxa4 Qb5 8.
Nc3 Qb6 9. d3 d4 10. Na4 Qa5+ 11. c3 Qb5 12. O-O Nh6 13. c4 Qc6 14. b3 Nf5 15.
Bf4 Be7 16. Re1 O-O 17. Qd2 b5 18. cxb5 Qxb5 19. Rab1 Qb4 20. Qxb4 cxb4 21.
Rbc1 Nd7 22. Rc7 Rfd8 23. Rec1 Nb6 24. Nxb6 axb6 25. R1c2 h6 26. h3 Bh4 27.
Nxh4 Nxh4 28. Bd2 f6 29. exf6 gxf6 30. Bxh6 e5 31. Rg7+ Kh8 32. Rf7 Rd6 33. Kh2
Nf5 34. Bd2 Kg8 35. Rfc7 Ng7 36. Bxb4 Re6 37. a4 Ne8 38. Rb7 Kh8 39. Bf8 Kg8
40. Bh6 Nd6 41. Rg7+ Kh8 42. Rcc7 Ne8 43. Rh7+ Kg8 44. Rcf7 Rc8 45. Rb7 Rc1 46.
Bxc1 1-0

[Event "ch-Paris op C"]
[Site "Paris (Halle Carpentier)"]
[Date "2008.07.03"]
[Round "6.44"]
[White "Vallipuram, Tarujan"]
[Black "Lachkar, Dan"]
[Result "1-0"]
[WhiteElo "1280"]
[BlackElo "1120"]
[PlyCount "69"]
[EventDate "2008.06.28"]

1. e4 c6 2. Nf3 d5 3. Nc3 dxe4 4. Nxe4 Bg4 5. Be2 Bxf3 6. Bxf3 Nf6 7. Nxf6+
exf6 8. O-O Bd6 9. d4 O-O 10. Qd3 Nd7 11. Be4 Qa5 12. Bd2 Qh5 13. h3 c5 14. g4
Qh4 15. c3 Rac8 16. f4 c4 17. Qf3 g5 18. Be1 Qh6 19. fxg5 fxg5 20. Bd5 Qg6 21.
Qf5 Qxf5 22. Rxf5 b6 23. Rxg5+ Kh8 24. b3 cxb3 25. Bxb3 f6 26. Rd5 Rc6 27. Ba4
Rc7 28. Rxd6 Nb8 29. Rc1 Rcf7 30. Bb3 Rg7 31. Bh4 f5 32. Bf6 Rxf6 33. Rxf6 fxg4
34. Rf8+ Rg8 35. Rxg8# 1-0

[Event "ch-Paris op C"]
[Site "Paris (Halle Carpentier)"]
[Date "2008.07.03"]
[Round "6.45"]
[White "Azouni, Anais"]
[Black "Sancey, Frederic"]
[Result "1-0"]
[WhiteElo "1250"]
[BlackElo "1070"]
[PlyCount "47"]
[EventDate "2008.06.28"]

1. e4 e5 2. Nf3 Nc6 3. Bc4 Bc5 4. d3 d6 5. Ng5 Qe7 6. Nxf7 Qf8 7. O-O Nf6 8.
Nxh8 Qxh8 9. Be3 Bg4 10. Qd2 O-O-O 11. f3 Qf8 12. fxg4 g5 13. Be6+ Kb8 14. Bd5
Nd4 15. Bxd4 Bxd4+ 16. Kh1 Nxg4 17. Rxf8 Rxf8 18. Nc3 Nf2+ 19. Kg1 Nh3+ 20. Kh1
Ng1 21. Rxg1 g4 22. h3 h5 23. Qh6 a5 24. Qxf8+ 1-0

[Event "ch-Paris op C"]
[Site "Paris (Halle Carpentier)"]
[Date "2008.07.03"]
[Round "6.46"]
[White "Nicodeme, Adrien"]
[Black "Banat, Samy"]
[Result "1-0"]
[WhiteElo "1250"]
[BlackElo "1010"]
[PlyCount "39"]
[EventDate "2008.06.28"]

1. d4 d5 2. Nf3 f6 3. Bf4 Nc6 4. Nbd2 e6 5. e4 Qe7 6. Bd3 e5 7. dxe5 fxe5 8.
Bg5 Nf6 9. O-O h6 10. Bxf6 gxf6 11. exd5 Nb4 12. Bg6+ Kd8 13. Ne4 Nxd5 14. c4
Qd7 15. cxd5 h5 16. Nxf6 Qe7 17. Ne4 Qd7 18. Nf6 Qe7 19. Qa4 Qxf6 20. Qe8# 1-0

[Event "ch-Paris op C"]
[Site "Paris (Halle Carpentier)"]
[Date "2008.07.03"]
[Round "6.47"]
[White "Su, Sylvie"]
[Black "Tiberghien, Luc"]
[Result "0-1"]
[WhiteElo "1199"]
[BlackElo "1030"]
[PlyCount "72"]
[EventDate "2008.06.28"]

1. e4 e5 2. d4 exd4 3. c3 d5 4. cxd4 dxe4 5. Nc3 Nf6 6. Bc4 Be6 7. d5 Bf5 8.
Nge2 Bb4 9. O-O Nbd7 10. Nd4 Bg4 11. Nce2 Nb6 12. Qc2 c5 13. Bb5+ Nbd7 14. Nb3
O-O 15. Bf4 a6 16. Bc4 b5 17. Bxb5 axb5 18. Rad1 Rc8 19. a3 c4 20. Nbd4 Ba5 21.
Bd6 Re8 22. Nxb5 Qb6 23. a4 e3 24. f3 Bh5 25. Rd4 Ne5 26. Nf4 Bg6 27. Qc1 Qb7
28. Qd1 Bb6 29. Re4 e2+ 30. Qd4 Bxd4+ 31. Nxd4 exf1=Q+ 32. Kxf1 Nxe4 33. fxe4
Nd3 34. Nxg6 Qxb2 35. Ne7+ Rxe7 36. Bxe7 Qf2# 0-1

[Event "ch-Paris op C"]
[Site "Paris (Halle Carpentier)"]
[Date "2008.07.03"]
[Round "6.48"]
[White "Le Cour, Hugo"]
[Black "Papazian, Arlette"]
[Result "1-0"]
[WhiteElo "1130"]
[BlackElo "1499"]
[PlyCount "105"]
[EventDate "2008.06.28"]

1. d4 d5 2. c4 dxc4 3. Nc3 Be6 4. e4 b5 5. Nxb5 c6 6. Nc3 Nf6 7. Nf3 g6 8. Bg5
Nh5 9. Be2 Bg7 10. O-O O-O 11. Re1 Nd7 12. Qd2 Re8 13. Rad1 Qc8 14. Bh6 Bxh6
15. Qxh6 Bg4 16. Qg5 Bxf3 17. Bxf3 Ng7 18. Bg4 e6 19. h3 Nb6 20. f4 a6 21. e5
a5 22. a3 Ra7 23. Kh1 a4 24. Kh2 Nd5 25. Nxd5 cxd5 26. Rb1 Qb8 27. Kh1 Ra8 28.
Bf3 Rc8 29. Kh2 Re8 30. Rec1 Ra7 31. Rc3 f5 32. exf6 Kh8 33. fxg7+ Kxg7 34. h4
Qd8 35. Qe5+ Kg8 36. Kh3 Kf8 37. Qh8+ Ke7 38. Qg7+ Kd6 39. Qe5+ Ke7 40. Qg7+
Kd6 41. Qe5+ Ke7 42. Re1 Qd7 43. Bg4 Kd8 44. Qf6+ Kc8 45. Bxe6 Rxe6 46. Rxe6
Qd8 47. Rc6+ Kd7 48. Rd6+ Kc8 49. Qxd8+ Kb7 50. Rd7+ Ka6 51. Qc8+ Kb6 52. Qb8+
Ka6 53. Rxa7# 1-0

[Event "ch-Paris op C"]
[Site "Paris (Halle Carpentier)"]
[Date "2008.07.04"]
[Round "7.1"]
[White "Larue, Daniel"]
[Black "Valencia, Gabriel"]
[Result "0-1"]
[WhiteElo "1499"]
[BlackElo "1499"]
[PlyCount "102"]
[EventDate "2008.06.28"]

1. e4 c6 2. d4 d5 3. Nd2 dxe4 4. Nxe4 Bf5 5. Ng3 Bg6 6. Nf3 Nd7 7. h4 h6 8. h5
Bh7 9. Bd3 Bxd3 10. Qxd3 e6 11. Bd2 Ngf6 12. Ne4 Nxe4 13. Qxe4 Nf6 14. Qe2 Qb6
15. Bc3 Nd5 16. Qd2 Nxc3 17. bxc3 Qb2 18. O-O Qb6 19. Rab1 Qc7 20. Rfe1 Bd6 21.
Qe2 O-O 22. Ne5 b6 23. Qe4 c5 24. Nc4 Rac8 25. Nxd6 Qxd6 26. Qe5 Rfd8 27. Qxd6
Rxd6 28. dxc5 Rxc5 29. Re3 Rxh5 30. Rd3 Rxd3 31. cxd3 Ra5 32. Rb2 Kf8 33. f4 g5
34. fxg5 hxg5 35. Kf2 Ke7 36. c4 Kd6 37. Ke3 f5 38. g3 Kc5 39. Rh2 Kb4 40. Rh6
e5 41. Rh5 f4+ 42. Ke4 g4 43. gxf4 exf4 44. a3+ Rxa3 45. Kd4 g3 46. Rb5+ Ka4
47. Rf5 g2 48. Rg5 f3 49. Ke3 Rxd3+ 50. Kxd3 f2 51. Kc3 g1=Q 0-1